| 000 | 00611nam a2200181Ia 4500 | ||
|---|---|---|---|
| 003 | GCL | ||
| 008 | 140319s9999 xx 000 0 ara d | ||
| 040 |
_aGCL / _cGCL |
||
| 082 | 0 | 4 |
_a810.9027 _bا ب |
| 100 | 1 | _aاحمد ابراهيم الهوارى | |
| 245 | 1 | 0 |
_aالبطل المعاصر فى الرواية المصرية / _cاحمد ابراهيم الهوارى |
| 300 | _a347 ص | ||
| 490 |
_aالهيئة العامة للاستعلامات _v0 |
||
| 650 | 0 | 4 | _aالحبكة الروائية |
| 650 | 0 | 4 | _aالادب العربى - مصر |
| 650 | 0 | 4 | _aالقصة المصرية |
| 942 |
_2ddc _cBK |
||
| 999 |
_c47344 _d47344 |
||